00707nam a22001937a 4500003000400000005001700004008004100021020001800062040003400080082002400114100004200138245008400180250004500264260007900309300002900388490001700417650003100434700004800465OSt20220606092236.0220602b ||||| |||| 00| 0 spa d a9789972663888 cBiblioteca Municipal de Cusco a869.56/P133VbP133V aPacheco Medrano, Karinad1969-eautor aLa voluntad del molle /cKarina Pacheco Medrano ; prólogo de Fernando Iwasaki aPrimera edición, segunda reimpresión aLima :bFondo de Cultura Económica,bEditorial Súper Gráfica,c2020. a268 páginas. :c21 cm. aTierra firme aNovelas peruanasySiglo XX aIwasaki Cauti, Fernandod1961-eprologuista